Home Print Resources E-Books E-Journals IIMT Lecture Series Library Membership Form Book Recommendation Form Campus Tour Take AdmissionAbout Us Contact Us

MODELING & SIMULATION USING MATALAB SIMULINK (Record no. 47309)

000 -LEADER
fixed length control field nam a22 7a 4500
003 - CONTROL NUMBER IDENTIFIER
control field OSt
005 - DATE AND TIME OF LATEST TRANSACTION
control field 20190508164153.0
008 - FIXED-LENGTH DATA ELEMENTS--GENERAL INFORMATION
fixed length control field 190508b xxu||||| |||| 00| 0 eng d
040 ## - CATALOGING SOURCE
Transcribing agency IIMT COLLEGE OF ENGINEERING,GREATER NOIDA
100 ## - MAIN ENTRY--PERSONAL NAME
Personal name SHAILENDRA,JAIN
245 ## - TITLE STATEMENT
Title MODELING & SIMULATION USING MATALAB SIMULINK
260 ## - PUBLICATION, DISTRIBUTION, ETC.
Place of publication, distribution, etc. NEW DELHI
Name of publisher, distributor, etc. WILEY
Date of publication, distribution, etc. 2014
942 ## - ADDED ENTRY ELEMENTS (KOHA)
Source of classification or shelving scheme
Koha item type Book Bank
Holdings
Withdrawn status Lost status Source of classification or shelving scheme Damaged status Not for loan Home library Current library Date acquired Source of acquisition Cost, normal purchase price Inventory number Total Checkouts Barcode Date last seen Price effective from Koha item type
          NOIDA IIMT College of Engineering M.Tech NOIDA IIMT College of Engineering M.Tech 05/08/2019 IBC 579.00 1484/17/09/2014   23-B-441 05/08/2019 05/08/2019 Book Bank
          NOIDA IIMT College of Engineering M.Tech NOIDA IIMT College of Engineering M.Tech 05/08/2019 IBC 579.00 1484/17/09/2014   23-B-442 05/08/2019 05/08/2019 Book Bank
          NOIDA IIMT College of Engineering M.Tech NOIDA IIMT College of Engineering M.Tech 05/08/2019 IBC 579.00 1484/17/09/2014   23-B-443 05/08/2019 05/08/2019 Book Bank
          NOIDA IIMT College of Engineering M.Tech NOIDA IIMT College of Engineering M.Tech 05/08/2019 IBC 579.00 1484/17/09/2014   23-B-444 05/08/2019 05/08/2019 Book Bank
IIMT, Central Library. All Rights Reserved IIMT,UNIVERSITY © 2023
Implemented and Customised by I CLOUDE EMS
You Are OPAC Visitor No
free web counter

Powered by Koha